|
|
|
|
| LEADER |
01279nam a2200349 a 4500 |
| 001 |
000547710 |
| 003 |
CZ BrMZK |
| 005 |
20061128071720.0 |
| 007 |
ta |
| 008 |
010907s2000 xr g f cze d |
| 015 |
|
|
|a cnb000984077
|
| 020 |
|
|
|a 80-7214-363-8
|
| 035 |
|
|
|a (OCoLC)85011043
|
| 040 |
|
|
|a BOA001
|b cze
|
| 041 |
1 |
|
|a cze
|h eng
|
| 072 |
|
7 |
|a 821.111(73)-3
|x Americká próza
|2 Konspekt
|9 25
|
| 080 |
|
|
|a 821.111(73)-31
|2 MRF
|
| 080 |
|
|
|a (0:82-311.9)
|2 MRF
|
| 100 |
1 |
|
|a Zahn, Timothy,
|d 1951-
|7 jn20010310198
|4 aut
|
| 245 |
1 |
0 |
|a Star Wars.
|p Poslední rozkaz
|c Timothy Zahn ; [z angličtiny přeložila Jiřina Stárková]
|
| 246 |
3 |
0 |
|a Poslední rozkaz
|
| 250 |
|
|
|a 2. vyd., v nakl. Baronet 1.
|
| 260 |
|
|
|a Praha :
|b Baronet,
|c 2000
|
| 300 |
|
|
|a 447 s. ;
|c 20 cm
|
| 655 |
|
7 |
|a americké romány
|7 fd131796
|2 czenas
|
| 655 |
|
7 |
|a vědecko-fantastické romány
|7 fd133847
|2 czenas
|
| 700 |
1 |
|
|a Stárková, Jiřina
|7 ola2004228790
|4 trl
|
| 765 |
0 |
|
|t Star wars: The last command
|9 Česky
|
| 856 |
4 |
1 |
|u http://www.digitalniknihovna.cz/mzk/uuid/uuid:c8900e10-59ee-11e4-bc71-005056827e52
|y Digitalizovaný dokument
|x NDK
|
| 910 |
|
|
|a BOA001
|b 2-1082.681
|
| 990 |
|
|
|a BK
|
| 996 |
6 |
|
|b 2610130350
|c 2-1082.681
|l MZK
|r Sklad / do 1 hodiny
|n 4
|p p.v.
|w 000547710
|u 000010
|a 1
|e BOA001
|j MZK50
|s P
|